Tecnologías energéticas e impacto ambiental
Uloženo v:
| Hlavní autor: | |
|---|---|
| Médium: | Kniha |
| Jazyk: | Spanish |
| Vydáno: |
Madrid : McGraw-Hill/Interamericana de España
[200?]
|
| Témata: | |
| Tagy: |
Přidat tag
Žádné tagy, Buďte první, kdo vytvoří štítek k tomuto záznamu!
|
MARC
| LEADER | 00000nam a2200000Ia 4500 | ||
|---|---|---|---|
| 003 | 000207 | ||
| 005 | 20221231144014.0 | ||
| 008 | 140114s200? cr a 000 ||spa d | ||
| 040 | |c cru CEDI | ||
| 082 | |a 333.79 T255d | ||
| 100 | |a Garcia Ybarra, Pedro L |9 20589 | ||
| 245 | |a Tecnologías energéticas e impacto ambiental | ||
| 260 | |a Madrid : McGraw-Hill/Interamericana de España |c [200?] | ||
| 300 | |a xxvii, 682 páginas : ilustraciones | ||
| 650 | |x RECURSOS ENERGETICOS |x ENERGIA ATOMICA - ASPECTOS AMBIENTALES |x PROTECCION DEL MEDIO AMBIENTE |9 20590 | ||
| 942 | |2 ddc |c BK | ||
| 999 | |c 15510 |d 15510 | ||
